<?xml version="1.0" encoding="UTF-8"?>
<marc:record xmlns:marc="http://www.loc.gov/MARC21/slim">
   <marc:leader>00000nam a2200000 a 4500</marc:leader>
   <marc:datafield ind1=" " ind2=" " tag="653">
      <marc:subfield code="a">Kochbuch</marc:subfield>
   </marc:datafield>
   <marc:datafield ind1="0" ind2="0" tag="245">
      <marc:subfield code="a">Schlank! - das Goldene von GU</marc:subfield>
   </marc:datafield>
   <marc:datafield ind1="0" ind2="0" tag="245">
      <marc:subfield code="b">Rezepte zum Glänzen und Schlankwerden</marc:subfield>
   </marc:datafield>
   <marc:datafield ind1=" " ind2="1" tag="264">
      <marc:subfield code="a">München</marc:subfield>
      <marc:subfield code="b">Gräfe und Unzer Verlag</marc:subfield>
      <marc:subfield code="c">2021</marc:subfield>
   </marc:datafield>
   <marc:datafield ind1=" " ind2=" " tag="250">
      <marc:subfield code="a">1. Aufl.</marc:subfield>
   </marc:datafield>
   <marc:datafield ind1="1" ind2=" " tag="520">
      <marc:subfield code="a">Glänzende Zeiten für schlanke Genießer: Die besten Rezepte und alles Wissenswerte rund ums Schlankwerden gibt's jetzt glamourös verpackt zwischen zwei Buchdeckeln. Schlank! Das Goldene von GU ist das unkomplizierteste und leckerste Diätbuch aller Zeiten. Die über 250 Rezepte sind Highlights der GU Diät-Kompetenz: Frühstück, Salate, Suppen, to go und Veggie oder leckeren Feierabendgerichte. Die Rezepte sind nach Kaloriengehalt sortiert, so können Sie sich Ihren individuellen Ernährungsplan einfach selbst zusammenstellen. Außerdem: alles Wichtige rund ums gesunde Abnehmen - unterschiedliche Methoden, Praxistricks für den Alltag und Motivationstipps. Wer abnehmen will, liegt mit diesem Buch goldrichtig - mehr schlank geht nicht![Verlagsmeldung]</marc:subfield>
   </marc:datafield>
   <marc:datafield ind1=" " ind2=" " tag="020">
      <marc:subfield code="a">9783833875731</marc:subfield>
      <marc:subfield code="9">9783833875731</marc:subfield>
   </marc:datafield>
   <marc:datafield ind1=" " ind2=" " tag="020">
      <marc:subfield code="a">3833875739</marc:subfield>
      <marc:subfield code="9">3833875739</marc:subfield>
   </marc:datafield>
   <marc:datafield ind1=" " ind2=" " tag="041">
      <marc:subfield code="a">ger</marc:subfield>
   </marc:datafield>
   <marc:datafield ind1=" " ind2=" " tag="300">
      <marc:subfield code="b">Illustration(en)</marc:subfield>
   </marc:datafield>
   <marc:datafield ind1=" " ind2=" " tag="338">
      <marc:subfield code="a">Band</marc:subfield>
   </marc:datafield>
   <marc:datafield ind1=" " ind2=" " tag="300">
      <marc:subfield code="a">352 Seiten</marc:subfield>
   </marc:datafield>
</marc:record>
